00249nam a2200085Ia 450000100070000000500170000700800410002424500460006526000520011172799820250826163459.0250824s9999 xx 000 0 und d 0aAYRILIK SEVDAYA DAHİLcATİLLA İLHAN bTÜRKİYE İŞ BANKASI KÜLTÜR YAYINLARI